000 00303nam a22001337a 4500
003 SGT
082 _a320.954
_bDUT
100 _aDUTTA PRIYADARSHI
245 _aINDIA THE MAINSPRING OF DEMOCRATIC TRADITIONS
260 _aINDIA
_c2023
_bICCR PUB
300 _aXCIV
650 _aBJMC
942 _2ddc
_cBK
999 _c32121
_d32121